000 00638nam a22002177a 4500
001 0074
003 DO-SdBNP
005 20180207094740.0
007 0074
008 151013b sp 1956 ||||| |||| 00| 0 spa d
040 _aBPMSU
_bspa
_cBPMSU
100 1 _aVerne, Julio
240 1 0 _a Un capitaine de quinze ans.
_hEspañol
245 1 0 _aUn capitan de quince años /
_cJulio Verne ; traducción de Joaquín Gallardo.
260 _aBarcelona, España :
_bMolino,
_c1956.
300 _a269 p. :
_bil.,
_c20 cm.
700 1 2 _aGallardo, Joaquín,
_etr.
942 _2ddc
_cBK
945 _aInventariado, 2018 /LP
956 _aBrenda Tavárez
_b10
999 _c8376
_d8376